<?xml version="1.0" encoding="UTF-8"?>
<record
    xmlns:xsi="http://www.w3.org/2001/XMLSchema-instance"
    xsi:schemaLocation="http://www.loc.gov/MARC21/slim http://www.loc.gov/standards/marcxml/schema/MARC21slim.xsd"
    xmlns="http://www.loc.gov/MARC21/slim">

  <leader>00933nam a22002657a 4500</leader>
  <controlfield tag="005">20170123162337.0</controlfield>
  <datafield tag="010" ind1=" " ind2=" ">
    <subfield code="a">A-770274</subfield>
  </datafield>
  <datafield tag="020" ind1=" " ind2=" ">
    <subfield code="c">250.00</subfield>
  </datafield>
  <datafield tag="035" ind1=" " ind2=" ">
    <subfield code="a">A-770274</subfield>
  </datafield>
  <datafield tag="037" ind1=" " ind2=" ">
    <subfield code="b">Cen Lib/Ret</subfield>
  </datafield>
  <datafield tag="040" ind1=" " ind2=" ">
    <subfield code="a">DPL</subfield>
    <subfield code="b">UR</subfield>
  </datafield>
  <datafield tag="082" ind1=" " ind2=" ">
    <subfield code="a">841.08</subfield>
    <subfield code="b">&#x62C; &#x645; &#x6CC; </subfield>
  </datafield>
  <datafield tag="100" ind1=" " ind2=" ">
    <subfield code="a">&#x641;&#x636;&#x6CC;&#x644; &#x627;&#x62D;&#x645;&#x62F; </subfield>
    <subfield code="9">124828</subfield>
  </datafield>
  <datafield tag="245" ind1=" " ind2=" ">
    <subfield code="a">&#x62C;&#x645;&#x6CC;&#x644; &#x645;&#x638;&#x6C1;&#x631;&#x6CC; &#x6A9;&#x6CC; &#x634;&#x627;&#x639;&#x631;&#x6CC; &#x6A9;&#x627; &#x645;&#x637;&#x627;&#x644;&#x6C1; /</subfield>
    <subfield code="c">&#x641;&#x636;&#x6CC;&#x644; &#x627;&#x62D;&#x645;&#x62F; </subfield>
  </datafield>
  <datafield tag="246" ind1=" " ind2=" ">
    <subfield code="a">Jameel Mazhari ki shairi ka mutala /</subfield>
    <subfield code="b">by Fozail Ahmed </subfield>
  </datafield>
  <datafield tag="260" ind1=" " ind2=" ">
    <subfield code="a">&#x646;&#x6CC;&#x6CC; &#x62F;&#x6C1;&#x644;&#x6CC; </subfield>
    <subfield code="b">&#x633;&#x6CC;&#x645;&#x627;&#x646;&#x62A; &#x67E;&#x631;&#x6A9;&#x627;&#x634;&#x646; </subfield>
    <subfield code="c">1995</subfield>
  </datafield>
  <datafield tag="270" ind1=" " ind2=" ">
    <subfield code="a">&#x669;&#x662;&#x662;&#x60C; &#x6A9;&#x686;&#x6C1; &#x631;&#x648;&#x6BE;&#x644;&#x644;&#x6C1; &#x62E;&#x627;&#x646;&#x60C; &#x62F;&#x631;&#x6CC;&#x627;&#x6AF;&#x646;&#x62C; </subfield>
    <subfield code="b">&#x646;&#x6CC;&#x6CC; &#x62F;&#x6C1;&#x644;&#x6CC; </subfield>
    <subfield code="e">110002</subfield>
  </datafield>
  <datafield tag="300" ind1=" " ind2=" ">
    <subfield code="a">286p.</subfield>
    <subfield code="c">21cm(Hb)</subfield>
  </datafield>
  <datafield tag="500" ind1=" " ind2=" ">
    <subfield code="a">&#x6A9;&#x62A;&#x627;&#x628;&#x6CC;&#x627;&#x62A; </subfield>
  </datafield>
  <datafield tag="650" ind1=" " ind2=" ">
    <subfield code="a"> &#x627;&#x62F;&#x628; - &#x627;&#x631;&#x62F;&#x648;</subfield>
    <subfield code="9">124829</subfield>
  </datafield>
  <datafield tag="650" ind1=" " ind2=" ">
    <subfield code="a"> &#x627;&#x631;&#x62F;&#x648; &#x634;&#x627;&#x639;&#x631;&#x6CC; - &#x62A;&#x646;&#x642;&#x6CC;&#x62F;</subfield>
    <subfield code="9">107857</subfield>
  </datafield>
  <datafield tag="650" ind1=" " ind2=" ">
    <subfield code="a">Literature -- Urdu</subfield>
    <subfield code="9">124830</subfield>
  </datafield>
  <datafield tag="650" ind1=" " ind2=" ">
    <subfield code="a">Urdu poetry -- Criticism</subfield>
    <subfield code="9">107865</subfield>
  </datafield>
  <datafield tag="942" ind1=" " ind2=" ">
    <subfield code="2">ddc</subfield>
    <subfield code="c">UR</subfield>
    <subfield code="h">841.08</subfield>
    <subfield code="m">&#x62C; &#x645; &#x6CC; </subfield>
  </datafield>
  <datafield tag="999" ind1=" " ind2=" ">
    <subfield code="c">108239</subfield>
    <subfield code="d">108239</subfield>
  </datafield>
  <datafield tag="952" ind1=" " ind2=" ">
    <subfield code="0">0</subfield>
    <subfield code="1">0</subfield>
    <subfield code="4">0</subfield>
    <subfield code="7">0</subfield>
    <subfield code="a">L</subfield>
    <subfield code="b">L</subfield>
    <subfield code="d">2016-01-16</subfield>
    <subfield code="e">Cen Lib/Ret</subfield>
    <subfield code="g">250.00</subfield>
    <subfield code="l">0</subfield>
    <subfield code="o">841.08 &#x62C; &#x645; &#x6CC;</subfield>
    <subfield code="p">A-770274</subfield>
    <subfield code="r">2016-01-16 00:00:00</subfield>
    <subfield code="t">1</subfield>
    <subfield code="v">250.00</subfield>
    <subfield code="w">2016-01-16</subfield>
    <subfield code="y">UR</subfield>
  </datafield>
</record>
